000 00809cam a22002533a 4500
001 5641
003 PGUSA
005 20140828083122.0
008 040501s2004||||xxu|||||s|||||000 | eng d
040 _aPGUSA
_beng
042 _adc
050 4 _aBP
100 1 _aLehrs, Ernst,
_d1894-1979
245 1 0 _aMan or Matter :
_bIntroduction to a Spiritual Understanding of Nature on the Basis of Goethe's Method of Training Observation and Thought
_h[electronic resource] /
_cErnst Lehrs
260 _bProject Gutenberg,
_c2004
506 _aPublic domain in the USA.
516 _aElectronic text
653 _aGoethe, Johann Wolfgang von, 1749-1832
653 _aCosmology
653 _aAnthroposophy
830 0 _aProject Gutenberg
_v5641
856 4 0 _uhttp://www.gutenberg.org/ebooks/5641
942 _cEB
999 _c234969
_d234969